Liedtext: O Tannenbaum - Statistiken

Allgemein
  • Dieses Quiz wurde 101 mal gespielt
  • Das Durchschnittsergebnis liegt bei 63 aus 92
Antwortstatistiken
Textquiz % Korrekt
O
100%
o
100%
O
100%
o
100%
O
100%
o
100%
O
100%
o
100%
O
100%
o
100%
O
100%
o
100%
Tannenbaum,
100%
Tannenbaum,
100%
Tannenbaum,
100%
Tannenbaum,
100%
Tannenbaum,
100%
Tannenbaum
100%
Tannenbaum,
100%
Tannenbaum,
100%
Tannenbaum,
100%
Tannenbaum
100%
Tannenbaum,
100%
Tannenbaum,
100%
dein
99%
dein
99%
wie
99%
wie
99%
Wie
99%
Blätter.
98%
Blätter!
98%
grün
98%
grün
98%
sind
98%
sind
98%
deine
97%
deine
97%
es
93%
im
92%
nur
92%
schneit.
92%
wenn
92%
Winter,
92%
auch
91%
Du
91%
du
91%
du
91%
nicht
91%
nein,
89%
Sommerzeit,
86%
zu
86%
zur
83%
zur
83%
grünst
82%
kann
46%
schon
43%
gefallen!
41%
gefallen!
41%
kannst
41%
kannst
41%
mir
41%
mir
41%
sehr
40%
sehr
40%
Kleid
39%
Kleid
39%
mich
36%
mich
36%
mich
36%
was
33%
was
33%
Die
30%
lehren!
30%
lehren!
30%
Weihnachtszeit
30%
ein
26%
will
24%
und
23%
und
23%
Zeit!
22%
Baum
18%
dir
18%
hat
18%
hocherfreut!
18%
oft
17%
jeder
16%
von
16%
Beständigkeit
14%
Hoffnung
12%
Kraft
10%
gibt
9%
Mut
8%
Keine übereinstimmenden Quizze gefunden
Verteilung der Resultate
Anzahl Personen mit jedem Resultat
Perzentil nach korrekt beantworteten Fragen
Ihre Resultats-Entwicklung
Sie haben dieses Quiz noch nicht gespielt